| 000 | 01476nam0a2200349 i 4500 | ||
|---|---|---|---|
| 001 | RU\NLR\bibl\1975801 | ||
| 005 | 20260406080735.0 | ||
| 010 |
_a9785271424991 _bАстрель |
||
| 010 |
_a978-5-4215-3499-0 _bПолиграфиздат _93000 |
||
| 021 |
_aRU _b2012-88679 _96557 |
||
| 035 | _a(NLR Aleph) 001964571 | ||
| 090 |
_a3871809 _c3871809 |
||
| 100 | _a20121206d2012 u y0rusy50 ca | ||
| 101 | 0 | _arus | |
| 102 | _aRU | ||
| 105 | _ay ||||||||| | ||
| 200 | 1 |
_aВсе методики очищения и избавления от паразитов _fИнгерлейб М.Б. |
|
| 210 |
_aМосква _cАстрель _cПолиграфиздат _d2012 |
||
| 215 |
_a317, [1] c. _d21 |
||
| 225 | 1 | _aДиагностический справочник | |
| 606 | 1 |
_aПаразитарные болезни _jПопулярные издания _xТерапия _91875667 _3RU\NLR\auth\66851855 |
|
| 606 | 1 |
_aОрганизм _jПопулярные издания _xОчищение _92168013 _3RU\NLR\auth\661304320 |
|
| 606 | 1 |
_aПохмелье _jПопулярные издания _xТерапия _92245888 _3RU\NLR\auth\661347381 |
|
| 686 | _aР517-5я9 | ||
| 686 | _aР120.40я9 | ||
| 686 | _aР645.11-5я9 | ||
| 700 | 1 |
_4070 _8rus _7ca _aИнгерлейб _bМ. Б. _f1966- _gМихаил Борисович _3RU\NLR\auth\7743408 _926351 |
|
| 801 | 0 |
_aRU _bNLR _c20121206 _gRCR |
|
| 801 | 1 |
_aRU _bNLR _c20121206 |
|
| 942 | _cBOOK | ||
| 980 | _aNBR | ||